000 00518nam a2200205 a 4500
001 13740
003 CO-ViMGA
008 141112s2004 ck r 000 u spa d
020 _a9682423686
040 _aCO-ViMGA
_bspa
_cCO-ViMGA
082 0 4 _aHEAc
100 1 _aHeathers, Anne
_920041
245 1 0 _aCuatro perritos
260 _aMexico :
_bTrillas,
_c1987
300 _a24 : ils
490 _aColeccion de Oro
590 _aForma de adquisición : Compra
650 1 4 _aCUENTOS INFANTILES
_92743
942 _2ddc
_cBK
999 _c24459
_d24459